000 00987nam a22002651u 4500
001 12336
003 HDC
007 cr bn ---
008 210209p2001 my eng
040 _aHDC
100 _aEngku Azahan Engku Ahmed,
_eauthor
_912916
245 0 _aCarcass yield and edible component parts of ostriches raised under an intensive system in Malaysia /
_cby Engku Azahan Engku Ahmed and Noraziah Mokhtar
260 _aSerdang :
_bMalaysian Agricultural Research and Development Institute (MARDI),
_c2001
300 _a1 page
336 _atext
_2rdacontent
337 _acomputer
_2rdamedia
338 _aonline resource
_2rdacarrier
650 _aCarcass
_912917
650 _aEdible parts
_912918
650 _aOstrich
_912919
856 _zRequest full-text at [email protected]
942 _2lcc
942 _cAR
942 _kJART 003103
999 _c9659
_d9659